000 00611nam a2200229 a 4500
999 _c4241
_d4241
001 4241
003 BD-JhCC
005 20171125170630.0
008 171125s1996 enka|||| |||| 000 0 eng d
035 _a(BD-JhCC)4241
040 _aBD-JhCC
_dBD-JhCC
041 _aeng
082 _a823.914
_bTHO 1965
100 _aThornely, G. C.
245 _aBehind the Headlines /
_bG. C. Thornely,
260 _aLondon :
_bLongman Froup Limited,
_c1965.
300 _a83 p. :
_billus.,
_c19 cm.
490 _aPleasant Books in eassy English [stage 3]
650 _aEnglish Stories
942 _2ddc
_cBK